Manual de psiquiatría para uso forense /
Guardado en:
| Autor Principal: | |
|---|---|
| Formato: | Libro |
| Idioma: | Spanish |
| Publicado: |
Buenos Aires :
Librería y Editorial Universitaria,
1965
|
| Materias: | |
| Etiquetas: |
Agregar Etiqueta
Sin Etiquetas, Sea el primero en etiquetar este registro!
|
| LEADER | 00486nam a22001455a 4500 | ||
|---|---|---|---|
| 001 | DER.der011199 | ||
| 008 | 180615s1965####ag#||||||||||||||#||spa|| | ||
| 005 | 20260126120501.0 | ||
| 245 | 1 | 0 | |a Manual de psiquiatría para uso forense / |c Estanislao Lluesma Uranga |
| 260 | |a Buenos Aires : |b Librería y Editorial Universitaria, |c 1965 | ||
| 300 | |a 279 p. | ||
| 100 | 1 | |a Lluesma Uranga, Estanislao | |
| 650 | 7 | |a CRIMINALÍSTICA | |
| 650 | 7 | |a Perito psiquiatra | |
| 859 | |a DERECHO |b BIB. DERECHO |h 345.052 |i LLU |p 006610 | ||
